|
|
|
|
| LEADER |
01273nam a2200337 a 4500 |
| 001 |
1785 |
| 003 |
BD-DhAAL |
| 005 |
20150601102134.0 |
| 008 |
150601s1989 caua b 001 0 eng |
| 010 |
|
|
|a 89002227
|
| 020 |
|
|
|a 0899084400 (lib. bdg.) :
|c $13.95
|
| 020 |
|
|
|a 089908415X (pbk.) :
|c $7.95
|
| 040 |
|
|
|a DLC
|c DLC
|d DLC
|d BD-DhAAL
|
| 050 |
0 |
0 |
|a HV4711
|b .A58 1989
|
| 082 |
0 |
0 |
|a 179/.3
|2 20
|
| 245 |
0 |
0 |
|a Animal rights :
|b opposing viewpoints /
|c Janelle Rohr, book editor.
|
| 260 |
|
|
|a San Diego, CA :
|b Greenhaven Press,
|c c1989.
|
| 300 |
|
|
|a 235 p. :
|b ill. ;
|c 23 cm.
|
| 490 |
1 |
|
|a Opposing viewpoints series
|
| 504 |
|
|
|a Includes bibliographical references (p. 224-232).
|
| 520 |
|
|
|a Presents thirty-two articles debating the question of whether animals have rights.
|
| 541 |
|
|
|e 1785
|
| 650 |
|
0 |
|a Animal rights.
|9 11539
|
| 650 |
|
0 |
|a Animal welfare.
|9 11540
|
| 650 |
|
1 |
|a Animals
|x Treatment.
|9 11541
|
| 650 |
|
1 |
|a Animal rights.
|9 11542
|
| 700 |
1 |
|
|a Rohr, Janelle,
|d 1963-
|9 11543
|
| 830 |
|
0 |
|a Opposing viewpoints series (Unnumbered)
|9 8059
|
| 942 |
|
|
|2 ddc
|c BK
|
| 999 |
|
|
|c 34567
|d 34567
|
| 952 |
|
|
|0 0
|1 0
|2 ddc
|4 0
|6 179_300000000000000_ANI
|7 0
|9 53978
|a SCL
|b SCL
|c GEN
|d 2015-06-01
|e Gift: The Asia Foundation
|l 0
|o 179.3 ANI
|p 3020001785
|r 2015-06-01
|t 1
|w 2015-06-01
|y BK
|